General Knowledge, Truly For Dummies - Statistics

General Stats
  • This quiz has been taken 157 times
  • The average score is 7 of 10
Answer Stats
Hint Answer % Correct
Name the last name of the current US president. Biden
96%
What war occurred from 1939 through 1945? WWII
96%
What is the first element on the periodic table? Hydrogen
88%
What is the only country that borders Ireland? United Kingdom
83%
Finish the song: Born in the _____ USA
80%
What subatomic particle orbits the nucleus? Electron
66%
Name the person who has scored the most points in the NBA. Lebron James
64%
If I add thirty-seven to one hundred and eleven, then divide it by four, what do I get? 37
63%
Finish the saying: The straw that broke the _____ _____ Camel's back
54%
Name the popular cartoon and movie character who lives in a cave and is an orphan. Batman
14%
No matching quizzes found
Score Distribution
Percent of People with Each Score
Percentile by Number Answered
Your Score History
You have not taken this quiz